El muro /

Gardado en:
Detalles Bibliográficos
Autor Principal: Sartre, Jean-Paul (autor)
Outros autores: Torre, Guillermo de (prólogo) (prólogo)
Formato: Libro
Idioma:Lingua castelá
Publicado: México : Diana, 1963
Edición:8a edición
Temas:
Etiquetas: Engadir etiqueta
Sen Etiquetas, Sexa o primeiro en etiquetar este rexistro!

MARC

LEADER 00000nam^a2200000^a^4500
001 000373028
005 20250521000000.0
009 20260310120028.454
037 |a Acervo Xavier Clavigero 
041 |a ESP 
082 |a 843.  |b SAR 
100 |a Sartre, Jean-Paul  |e (autor) 
240 1 4 |a [La cámara, de Jean-Paul Sartre] 
240 1 0 |a [Eróstrato] 
240 1 4 |a [La infancia de un jefe] 
240 1 0 |a [Intimidad, de Jean-Paul Sartre] 
240 1 4 |a [El muro, de Jean-Paul Sartre] 
245 1 3 |a El muro /  |c J.P. Sartre ; pról. de G. de Torre ; tr. por Augusto Díaz Carbajal. 
250 |a 8a edición 
264 1 |a México :  |b Diana,  |c 1963 
300 |a 292 p. 
336 |a texto  |b txt  |2 rdacontenido 
337 |a sin mediación  |b n  |2 rdamedio 
338 |a volumen  |b nc  |2 rdasoporte 
500 |a Traducción de: Le mur 
500 |a Traducción de: La chambre 
500 |a Traducción de: Eróstrate 
500 |a Traducción de: Intimité 
500 |a Traducción de: L'enfance d'un chef 
545 0 |a Jean-Paul Sartre (1905-1980) fue el líder indiscutible del existencialismo. Sin embargo, su notoriedad no viene sólo de su pensamiento filosófico, sino también de su incursión en la literatura, aunque en ésta, evidentemente, también expresa su visión existencialista. Algunas de sus obras son: La imaginación; La náusea; El muro; Lo imaginario; Las moscas; El ser y la nada; La edad de la razón; Los caminos de la libertad; Las manos sucias; Crítica de la razón dialéctica; El diablo y Dios; Las palabras. Obtuvo el Premio Nobel de Literatura en 1964, pero lo rechazó. 
561 |a Ex libris de Instituto de Literatura Puente Grande, Jal. 
561 |a Ex libris de Bibl. Iunioratus Dom. Prob. S. Ioseph 
586 |a Premio Nobel de Literatura 1964 (rechazado por el autor) 
649 |a XX 
650 |a Cuentos Franceses 
650 |a Novela Francesa 
650 |a Literatura Francesa -  |y Siglo XX 
700 |a Torre, Guillermo de  |e (prólogo) 
740 3 |a La cámara /  |c J.P. Sartre ; pról. de G. de Torre ; tr. por Augusto Díaz Carbajal. 
740 0 |a Eróstrato /  |c J.P. Sartre ; pról. de G. de Torre ; tr. por Augusto Díaz Carbajal. 
740 0 |a Intimidad /  |c J.P. Sartre ; pról. de G. de Torre ; tr. por Augusto Díaz Carbajal. 
740 4 |a La infancia de un jefe /  |c J.P. Sartre ; pról. de G. de Torre ; tr. por Augusto Díaz Carbajal. 
910 |a Fondo General 
920 |a Impresos - Libros 
930 |a Colección General 
940 |a Literatura 
905 |a 101 
901 |a 002319  |b IT1  |c LIT  |u 20250521 
902 |a https://opac.biblio.iteso.mx/vufind/Record/000373028